00448nam a2200157Ia 4500003000400000005001700004008004100021020001900062040001700081100001800098245003400116260002200150942001200172999001300184952009300197OSt20240301104125.0170523s9999 xx 000 0 und d a978-0070996038 ciimtu meerut aTAYLOR- GRANT 0aENGLISH CONVERSATION PRACTICE bTATA MC GRAW HILL 2ddcc02 c588d588 00102ddc4070a01b01d2017-05-31fDept. MBAp01-B-1770r2017-05-31w2017-05-31y02z